000 01407pam a2200373 a 4500
001 4980379
003 ost
005 20140310184333.0
008 980601s1999 nyua b 000 1 eng
010 _a 98027382
020 _a0590634275
040 _aDLC
_cDLC
_dDLC
042 _alcac
050 0 0 _aPZ 7
_b.P63123Att 2001
100 1 _aPilkey, Dav,
_d1966-
_923951
245 0 0 _aCaptain Underpants and the attack of the talking toilets :
_banother epic novel /
_cDav Pilkey.
260 _aNew York :
_bScholastic Inc.,
_c1999.
300 _a136 p. :
_bill. ;
_c22 cm.
520 _aPrincipal Krupp once again turns into the superhero Captain Underpants in order to save the world, and Jerome Horwitz Elementary School, from the evil talking toilets and the Turbo Toilet 2000.
521 _aG5
526 _c780
650 1 _aSchools
_xFiction.
_923952
650 1 _aSchool principals
_xFiction.
_923953
650 1 _aHeroes
_xFiction.
_923954
650 1 _aCartoons and comics
_xFiction.
_923955
650 1 _aHumorous stories.
_93831
856 4 2 _3Contributor biographical information
_uhttp://www.loc.gov/catdir/enhancements/fy1207/98027382-b.html
906 _a7
_bcbc
_corignew
_d1
_eocip
_f19
_gy-gencatlg
942 _2lcc
_cBK-SCHOLAS
_kSB
999 _c33691
_d33691